[Event "ch-CHN Women 2019"]
[Site "Hangzhou CHN"]
[Date "2019.05.11"]
[Round "1.1"]
[White "Zhang, Lanlin"]
[Black "Guo, Qi"]
[Result "1/2-1/2"]
[BlackTitle "IM"]
[WhiteElo "2181"]
[BlackElo "2361"]
[WhiteFideId "8608032"]
[BlackFideId "8604002"]
[EventDate "2019.05.11"]

1. e4 c6 2. d4 d5 3. exd5 cxd5 4. c4 Nf6 5. Nc3 Nc6 6. Nf3 Bg4 7. cxd5 Nxd5 8.
Qb3 Bxf3 9. gxf3 Nb6 10. d5 Nd4 11. Qd1 e5 12. dxe6 fxe6 13. Be3 Bc5 14. b4 O-O
15. bxc5 Nxf3+ 16. Ke2 Qf6 17. cxb6 Qxc3 18. Bg2 Qb2+ 19. Kf1 Rad8 20. Bxf3
Rxd1+ 21. Rxd1 Rxf3 22. bxa7 Rf8 23. Kg2 Qb5 24. Rhe1 h5 25. Rd6 Kh7 26. Red1
Qa5 27. Bb6 Qg5+ 28. Kh1 h4 29. h3 Qf5 30. Kg2 Qf3+ 31. Kh2 Qf4+ 32. Kg2 Qf3+
33. Kh2 Qf4+ 34. Kg2 Qf3+ 1/2-1/2

[Event "ch-CHN Women 2019"]
[Site "Hangzhou CHN"]
[Date "2019.05.11"]
[Round "1.2"]
[White "Huang, Qian"]
[Black "Ning, Kaiyu"]
[Result "1/2-1/2"]
[WhiteTitle "WGM"]
[BlackTitle "WFM"]
[WhiteElo "2440"]
[BlackElo "2256"]
[WhiteFideId "8602689"]
[BlackFideId "8614750"]
[EventDate "2019.05.11"]

1. Nf3 d5 2. g3 c6 3. Bg2 Bg4 4. b3 Nd7 5. Bb2 Qc7 6. d3 Ngf6 7. Nbd2 e5 8. h3
Bxf3 9. Bxf3 Bc5 10. e4 dxe4 11. dxe4 O-O 12. O-O Rfe8 13. Bg2 Nf8 14. a4 Rad8
15. Qe2 Ne6 16. c3 a5 17. Nc4 Ba7 18. Ba3 b5 19. Ne3 b4 20. cxb4 axb4 21. Bxb4
Rb8 22. Qc4 Bxe3 23. fxe3 Qb6 24. Bd6 Qxe3+ 25. Kh2 Qxb3 26. Qxb3 Rxb3 27. Bxe5
Nc5 28. Bxf6 gxf6 29. a5 Rb2 30. Kg1 Kg7 31. a6 Ra8 32. Rac1 Nd7 33. Rxc6 Ra2
34. Rd6 Ra7 35. e5 Nxe5 36. Bb7 Ra3 37. Kh2 Ra2+ 38. Kh1 Ra3 39. Rdxf6 Rxg3 40.
Kh2 Rg6 41. Rxg6+ hxg6 42. Rd1 Nc4 43. Kg3 Kf6 44. Rd7 Nb2 45. Kf4 Nc4 46. Rd4
Na5 47. Rb4 Ke7 48. Rb6 Nc4 49. Rb1 f6 50. h4 Nd6 51. Ke3 Kd7 52. Kd4 Kc7 53.
Rc1+ Kb8 54. Rc6 Nxb7 55. Rxf6 Nd8 56. Rb6+ Kc8 57. Rxg6 Rh7 58. Kc5 Rxh4 59. a7
Kb7 60. Rg7+ Ka8 61. Rg8 Kxa7 1/2-1/2

[Event "ch-CHN Women 2019"]
[Site "Hangzhou CHN"]
[Date "2019.05.11"]
[Round "1.3"]
[White "Shen, Yang"]
[Black "Qiu, Mengjie"]
[Result "1-0"]
[WhiteTitle "IM"]
[BlackTitle "WIM"]
[WhiteElo "2449"]
[BlackElo "2219"]
[WhiteFideId "8603162"]
[BlackFideId "8606137"]
[EventDate "2019.05.11"]

1. d4 Nf6 2. c4 e6 3. Nf3 d5 4. Nc3 Bb4 5. cxd5 exd5 6. Bf4 O-O 7. Rc1 c5 8. g3
Ne4 9. Bg2 Bf5 10. Qa4 Nc6 11. a3 Bxc3+ 12. bxc3 c4 13. Ne5 Na5 14. Bxe4 Bxe4
15. O-O Nb3 16. Rce1 Bf5 17. Qb5 g5 18. Be3 Bh3 19. Qxb7 f6 20. Nc6 Qd6 21. Rb1
Bxf1 22. Ne7+ Qxe7 23. Qxe7 Bh3 24. a4 a5 25. Re1 Rad8 26. Bc1 Rd7 27. Qa3 Re8
28. f3 Bf5 29. Kf2 Re6 30. g4 Bg6 31. f4 f5 32. e4 dxe4 33. gxf5 Bxf5 34. fxg5
Nxc1 35. Qxc1 Rf7 36. Kg3 Bg6 37. Re3 Rb7 38. Qf1 Rc6 39. Qf4 Re6 40. h4 Re8 41.
Qd6 Rf7 42. Qd5 Kg7 43. Qxa5 Bh5 44. Qb5 Rf3+ 45. Rxf3 exf3 46. g6 Bxg6 47. Kxf3
Rf8+ 48. Kg3 Bd3 49. a5 Rf1 50. a6 Rg1+ 51. Kh2 Re1 52. a7 Be4 53. Qe5+ Kf7 54.
d5 Rh1+ 55. Kg3 Rg1+ 56. Kf4 1-0

[Event "ch-CHN Women 2019"]
[Site "Hangzhou CHN"]
[Date "2019.05.11"]
[Round "1.4"]
[White "Zhu, Jiner"]
[Black "Ni, Shiqun"]
[Result "1-0"]
[WhiteTitle "WIM"]
[BlackTitle "WGM"]
[WhiteElo "2439"]
[BlackElo "2439"]
[WhiteFideId "8608059"]
[BlackFideId "8608466"]
[EventDate "2019.05.11"]

1. e4 e5 2. Nf3 Nf6 3. Nxe5 d6 4. Nf3 Nxe4 5. d4 d5 6. Bd3 Bf5 7. O-O Be7 8. Re1
O-O 9. c4 Nc6 10. cxd5 Qxd5 11. Nc3 Nxc3 12. bxc3 Bxd3 13. Qxd3 Rae8 14. Bf4 Bd6
15. c4 Qh5 16. Bg3 h6 17. Rab1 b6 18. Qb3 Qa5 19. Kf1 Qf5 20. Rbd1 Bxg3 21. hxg3
Rxe1+ 22. Rxe1 Rd8 23. Qc3 Qa5 24. Qc2 Qa3 25. Kg1 Qd6 26. Re4 Ne7 27. g4 Qf6
28. Qe2 Ng6 29. Qe3 Nh4 30. Ne5 Ng6 31. Nf3 Nh4 32. Ne5 Ng6 33. Nd3 Kf8 34. f4
c6 35. f5 Ne7 36. Nf4 Qg5 37. Qa3 Rd7 38. Nh5 c5 39. Qg3 Rd8 40. Qc7 Re8 41. Qd6
cxd4 42. f6 gxf6 43. Nxf6 Qc1+ 44. Kh2 Qc2 45. Qf4 1-0

[Event "ch-CHN Women 2019"]
[Site "Hangzhou CHN"]
[Date "2019.05.11"]
[Round "1.5"]
[White "Ren, Xiaoyi"]
[Black "Chu, Ruotong"]
[Result "1/2-1/2"]
[BlackTitle "WIM"]
[WhiteElo "2261"]
[BlackElo "2180"]
[WhiteFideId "8608709"]
[BlackFideId "8605653"]
[EventDate "2019.05.11"]

1. d4 Nf6 2. c4 g6 3. g3 c6 4. Bg2 d5 5. Nf3 Bg7 6. b3 O-O 7. O-O dxc4 8. bxc4
c5 9. Bb2 cxd4 10. Nxd4 Qb6 11. Qb3 Nfd7 12. Rd1 Nc6 13. e3 Nc5 14. Qxb6 axb6
15. Nc3 Bg4 16. f3 Be6 17. Nxe6 Nxe6 18. Rab1 Nc5 19. f4 e6 20. Rd2 Rfc8 21. Ba1
Na5 22. Bf1 Nab3 23. axb3 Rxa1 24. Rxa1 Bxc3 25. Raa2 Bxd2 26. Rxd2 Nxb3 27. Rb2
Na5 28. Rxb6 Nxc4 29. Bxc4 Rxc4 30. Rxb7 Rc1+ 31. Kf2 Rc2+ 32. Kg1 Re2 33. Rb3
Kg7 34. h4 Kf6 35. Kf1 Rh2 36. Kg1 1/2-1/2

[Event "ch-CHN Women 2019"]
[Site "Hangzhou CHN"]
[Date "2019.05.11"]
[Round "1.6"]
[White "Xiao, Yiyi"]
[Black "Zhai, Mo"]
[Result "1/2-1/2"]
[WhiteTitle "WFM"]
[BlackTitle "WGM"]
[WhiteElo "2290"]
[BlackElo "2365"]
[WhiteFideId "8606161"]
[BlackFideId "8600201"]
[EventDate "2019.05.11"]

1. d4 Nf6 2. c4 g6 3. g3 Bg7 4. Bg2 d5 5. cxd5 Nxd5 6. Nf3 Nb6 7. O-O Nc6 8. e3
O-O 9. Nc3 e5 10. d5 Ne7 11. e4 Bg4 12. Qb3 c6 13. h3 Bxf3 14. Bxf3 cxd5 15.
Nxd5 Nbxd5 16. exd5 Qd7 17. Rd1 Qxh3 18. d6 Nf5 19. Bg2 Qg4 20. Bf3 Qh3 21. Bg2
Qg4 22. Bf3 Qh3 1/2-1/2

[Event "ch-CHN Women 2019"]
[Site "Hangzhou CHN"]
[Date "2019.05.12"]
[Round "2.7"]
[White "Guo, Qi"]
[Black "Zhai, Mo"]
[Result "1-0"]
[WhiteTitle "IM"]
[BlackTitle "WGM"]
[WhiteElo "2361"]
[BlackElo "2365"]
[WhiteFideId "8604002"]
[BlackFideId "8600201"]
[EventDate "2019.05.11"]

1. d4 Nf6 2. c4 g6 3. Nc3 d5 4. Nf3 Bg7 5. cxd5 Nxd5 6. e4 Nxc3 7. bxc3 c5 8. h3
Nc6 9. Be3 Qa5 10. Bd2 cxd4 11. cxd4 Qa3 12. d5 Nb4 13. Bb5+ Bd7 14. Bxd7+ Kxd7
15. O-O a5 16. Bxb4 axb4 17. e5 Rhd8 18. d6 Qa5 19. Qb3 e6 20. Qc4 Ke8 21. Qf4
h6 22. Rab1 Rd7 23. Rfc1 Qxa2 24. Qxb4 Qa6 25. Qd4 Rad8 26. Qb4 Ra8 27. Rc2 Rad8
28. Rbc1 f6 29. Nd4 fxe5 30. Nxe6 Qxd6 31. Qxd6 Rxd6 32. Nxd8 Rxd8 33. Rb1 Rd7
34. Rcb2 Ke7 35. Rxb7 Rxb7 36. Rxb7+ Kf6 37. Rb6+ Kf7 38. Kf1 Bf8 39. Ke2 Bc5
40. Rc6 Bd4 41. f3 Kg7 42. Kd3 Bb2 43. Rc2 Bd4 44. f4 g5 1-0

[Event "ch-CHN Women 2019"]
[Site "Hangzhou CHN"]
[Date "2019.05.12"]
[Round "2.2"]
[White "Chu, Ruotong"]
[Black "Xiao, Yiyi"]
[Result "0-1"]
[WhiteTitle "WIM"]
[BlackTitle "WFM"]
[WhiteElo "2180"]
[BlackElo "2290"]
[WhiteFideId "8605653"]
[BlackFideId "8606161"]
[EventDate "2019.05.11"]

1. d4 Nf6 2. c4 e6 3. g3 Bb4+ 4. Bd2 a5 5. Bg2 O-O 6. Nf3 d5 7. Qc2 c5 8. dxc5
Bxc5 9. cxd5 Qxd5 10. Nc3 Qh5 11. Qb3 Nc6 12. Na4 Ba7 13. h3 b5 14. Nc3 Ba6 15.
g4 Qc5 16. Be3 Qe7 17. Nxb5 Bxe3 18. fxe3 a4 19. Qxa4 Nd5 20. Nc3 Nxe3 21. Qxc6
Nxg2+ 22. Kf2 Bb7 23. Qb6 Bxf3 24. Kxf3 Rab8 25. Qd4 Rb4 26. Qe5 Nh4+ 27. Kg3
Ng6 28. Qe3 f5 29. gxf5 Rxf5 30. Kh2 Re5 31. Qf3 Rf4 32. Qd3 Qh4 33. Rhg1 Rf2+
34. Kh1 Rh5 35. Rgf1 Nf4 36. Qe3 Qxh3+ 0-1

[Event "ch-CHN Women 2019"]
[Site "Hangzhou CHN"]
[Date "2019.05.12"]
[Round "2.3"]
[White "Ni, Shiqun"]
[Black "Ren, Xiaoyi"]
[Result "1/2-1/2"]
[WhiteTitle "WGM"]
[WhiteElo "2439"]
[BlackElo "2261"]
[WhiteFideId "8608466"]
[BlackFideId "8608709"]
[EventDate "2019.05.11"]

1. e4 c5 2. Nf3 d6 3. d4 cxd4 4. Nxd4 Nf6 5. Nc3 a6 6. Nb3 e5 7. Bg5 Be6 8. Bxf6
Qxf6 9. Nd5 Bxd5 10. Qxd5 Nc6 11. c3 Be7 12. Bc4 O-O 13. O-O Bd8 14. Rad1 Bc7
15. g3 Nd8 16. Nd2 Rb8 17. Qd3 Ne6 18. Bd5 Kh8 19. Nc4 b5 20. Ne3 Ng5 21. h4 Ne6
22. b4 Bb6 23. Bb3 Bxe3 24. Qxe3 Qe7 25. Rd3 g6 26. Rfd1 Rfd8 27. Kg2 Ng7 28. a4
f5 29. axb5 axb5 30. Ra1 f4 31. Qa7 Rb7 32. Qa6 Ne8 33. Bd5 Rbb8 34. Qa7 Nc7 35.
Bc6 fxg3 36. fxg3 Rf8 37. Qe3 Rf7 38. Rdd1 Rbf8 39. Rf1 Qe6 40. Rxf7 Qxf7 41.
Qe2 Qb3 42. Rf1 Rxf1 43. Qxf1 Kg7 44. Qd3 Qa2+ 45. Kf3 Qf7+ 46. Ke3 Qe6 47. Bxb5
Qh3 48. Bc4 Qxg3+ 49. Kd2 Qxh4 50. Qxd6 Qf4+ 51. Kd1 Qf3+ 52. Kd2 Qf4+ 53. Kc2
Qxe4+ 54. Bd3 Qg2+ 55. Kb1 Nd5 56. Qxe5+ Kh6 57. Bc2 Qd2 58. Kb2 Nxb4 59. cxb4
Qxb4+ 60. Kc1 Qg4 61. Kb2 Qg5 62. Qh2+ Qh5 63. Qf4+ Qg5 64. Qf8+ Kh5 65. Qf3+
Kh6 66. Qf8+ Kh5 67. Qf3+ 1/2-1/2

[Event "ch-CHN Women 2019"]
[Site "Hangzhou CHN"]
[Date "2019.05.12"]
[Round "2.4"]
[White "Qiu, Mengjie"]
[Black "Zhu, Jiner"]
[Result "0-1"]
[WhiteTitle "WIM"]
[BlackTitle "WIM"]
[WhiteElo "2219"]
[BlackElo "2439"]
[WhiteFideId "8606137"]
[BlackFideId "8608059"]
[EventDate "2019.05.11"]

1. e4 c5 2. Nf3 d6 3. Bb5+ Nd7 4. O-O a6 5. Bd3 Ngf6 6. Re1 b5 7. c4 g5 8. e5
Nxe5 9. Nxe5 dxe5 10. Bf1 e4 11. cxb5 Bg7 12. d3 h6 13. Nc3 exd3 14. Bxd3 O-O
15. bxa6 Qc7 16. Qf3 Bxa6 17. Bxa6 Rxa6 18. b3 Ng4 19. g3 Ne5 20. Qe4 f5 21. Qg2
Qc6 22. Nd5 Ng6 23. Rb1 e6 24. Ne3 Qxg2+ 25. Nxg2 Ne5 26. Kh1 Rxa2 27. f4 Ng4
28. Rxe6 Rd8 29. Be3 Kf7 30. Rc6 Rxg2 31. Kxg2 Nxe3+ 32. Kf3 Ng4 33. Rxc5 Nxh2+
34. Ke2 Re8+ 35. Kd3 Rd8+ 36. Ke2 Kg6 37. Rc6+ Bf6 38. b4 g4 39. Rd1 Re8+ 40.
Kf2 Kf7 41. Rdd6 Be7 42. Rxh6 Nf3 43. b5 Nd4 44. Rh7+ Kg8 45. Rch6 Bf8 46. Rh8+
Kf7 47. R6h7+ Kg6 48. Rd7 Nxb5 49. Rg8+ Kf6 50. Kf1 Nc3 51. Rb7 Ne4 52. Kg2 Ra8
53. Rb2 Kf7 54. Rh8 Kg7 55. Rh5 Kg6 56. Rh8 Nf6 57. Rb7 Ra2+ 58. Kf1 Bc5 59. Rc8
Ne4 60. Rc6+ Bd6 61. Rb3 Rd2 62. Ke1 Kf6 63. Rb5 Rd3 64. Rb7 Rxg3 65. Rh7 Re3+
66. Kd1 Ke6 67. Ra6 Rf3 68. Rh6+ Kd5 69. Ra5+ Bc5 70. Rh8 Rxf4 71. Rd8+ Nd6 72.
Rg8 Rf2 73. Ke1 Rb2 74. Rg5 Kd4 75. Kf1 Ne4 76. Rg8 Ng3+ 77. Kg1 Bb6 78. Ra6
Ke4+ 79. Rxb6 Rxb6 80. Ra8 Kf4 81. Ra4+ Ne4 82. Ra5 Rb1+ 83. Kg2 Rb2+ 84. Kg1
Ng5 85. Ra3 Nf3+ 86. Kf1 Ke5 0-1

[Event "ch-CHN Women 2019"]
[Site "Hangzhou CHN"]
[Date "2019.05.12"]
[Round "2.5"]
[White "Ning, Kaiyu"]
[Black "Shen, Yang"]
[Result "1-0"]
[WhiteTitle "WFM"]
[BlackTitle "IM"]
[WhiteElo "2256"]
[BlackElo "2449"]
[WhiteFideId "8614750"]
[BlackFideId "8603162"]
[EventDate "2019.05.11"]

1. d4 d5 2. c4 c6 3. Nf3 Nf6 4. Qc2 g6 5. Bf4 Bg7 6. e3 Bf5 7. Qb3 Qb6 8. Nc3
O-O 9. c5 Qxb3 10. axb3 Nbd7 11. h3 h6 12. b4 g5 13. Bh2 a6 14. Ne5 Nxe5 15.
dxe5 Nd7 16. f4 gxf4 17. exf4 a5 18. Rxa5 Rxa5 19. bxa5 Nxc5 20. g4 Bc2 21. b4
Nb3 22. Bg2 f6 23. Nxd5 fxe5 24. fxe5 e6 25. Nc3 Rf7 26. Ne4 Bxe4 27. Bxe4 Bf8
28. Ke2 Bxb4 29. Rb1 Nd4+ 30. Kd3 c5 31. Rxb4 cxb4 32. Kxd4 Rc7 33. Bf4 b3 34.
Bd2 Kg7 35. Bc3 Kf8 36. Bd3 Kg7 37. Bc4 Rd7+ 1-0

[Event "ch-CHN Women 2019"]
[Site "Hangzhou CHN"]
[Date "2019.05.12"]
[Round "2.6"]
[White "Zhang, Lanlin"]
[Black "Huang, Qian"]
[Result "0-1"]
[BlackTitle "WGM"]
[WhiteElo "2181"]
[BlackElo "2440"]
[WhiteFideId "8608032"]
[BlackFideId "8602689"]
[EventDate "2019.05.11"]

1. e4 g6 2. d4 Bg7 3. Nc3 d6 4. Be3 a6 5. Qd2 b5 6. f3 Bb7 7. h4 h5 8. Nh3 Nd7
9. Ng5 Ngf6 10. O-O-O e5 11. d5 Rc8 12. Be2 c6 13. Kb1 cxd5 14. exd5 Nb6 15. f4
exf4 16. Bxf4 O-O 17. Rhf1 Nfxd5 18. Nxd5 Bxd5 19. Qb4 Re8 20. Rf2 Qc7 21. Bf3
Bxf3 22. gxf3 Nc4 23. Bc1 d5 24. f4 Qb6 25. Rg2 a5 26. Qb3 a4 27. Qd3 Qf6 28. c3
a3 29. b3 Ne3 30. Bxe3 Rxc3 31. Qxd5 Rcxe3 0-1

[Event "ch-CHN Women 2019"]
[Site "Hangzhou CHN"]
[Date "2019.05.13"]
[Round "3.1"]
[White "Huang, Qian"]
[Black "Guo, Qi"]
[Result "1-0"]
[WhiteTitle "WGM"]
[BlackTitle "IM"]
[WhiteElo "2440"]
[BlackElo "2361"]
[WhiteFideId "8602689"]
[BlackFideId "8604002"]
[EventDate "2019.05.11"]

1. Nf3 d5 2. g3 c5 3. Bg2 Nc6 4. O-O e5 5. d3 Nf6 6. e4 dxe4 7. dxe4 Qxd1 8.
Rxd1 Bg4 9. c3 Nxe4 10. Re1 O-O-O 11. Na3 Nf6 12. Nc4 Bxf3 13. Bxf3 e4 14. Bg2
h6 15. Bh3+ Kb8 16. Bf4+ Ka8 17. a4 Nd5 18. Rxe4 Nxf4 19. Rxf4 f6 20. Bg2 Bd6
21. Rg4 Rhg8 22. Bxc6 bxc6 23. Re4 Kb7 24. Re6 Bc7 25. Re7 Kc8 26. Rae1 Rd7 27.
Kg2 Rgd8 28. Kf3 h5 29. h3 Rf8 30. Re8+ Rxe8 31. Rxe8+ Rd8 32. Re7 Rd7 33. Re6
Kb7 34. Re8 f5 35. h4 Rd3+ 36. Ke2 Rd7 37. f4 Rf7 38. Ke3 Rd7 39. Rf8 g6 40. Rf6
Re7+ 41. Kd3 Rd7+ 42. Kc2 Rg7 43. Re6 Rg8 44. Kd3 Rg7 45. Ke2 Rg8 46. Kf3 Rg7
47. Ne5 Bxe5 48. fxe5 g5 49. hxg5 Rxg5 50. Rf6 a5 51. Rf7+ Kc8 52. Rh7 Rg4 53.
e6 Kd8 54. Rxh5 Rxa4 55. Rxf5 Ra2 56. Rxc5 a4 57. Rxc6 Rxb2 58. Ra6 Ra2 59. Ra7
Ra1 60. Kg4 a3 61. Kg5 a2 62. g4 Ke8 63. c4 Kd8 64. c5 Ke8 65. c6 Kd8 66. c7+
Kc8 67. e7 Re1 68. Rxa2 Rxe7 69. Rc2 Re8 70. Kf6 Rf8+ 71. Kg7 1-0

[Event "ch-CHN Women 2019"]
[Site "Hangzhou CHN"]
[Date "2019.05.13"]
[Round "3.2"]
[White "Shen, Yang"]
[Black "Zhang, Lanlin"]
[Result "1/2-1/2"]
[WhiteTitle "IM"]
[WhiteElo "2449"]
[BlackElo "2181"]
[WhiteFideId "8603162"]
[BlackFideId "8608032"]
[EventDate "2019.05.11"]

1. d4 d5 2. Nf3 Nf6 3. c4 e6 4. Bg5 h6 5. Bxf6 Qxf6 6. Nc3 c6 7. e3 Bb4 8. Rc1
O-O 9. a3 Bxc3+ 10. Rxc3 Nd7 11. cxd5 cxd5 12. Bd3 e5 13. dxe5 Nxe5 14. Nd4 Nc6
15. Nxc6 bxc6 16. O-O Bd7 17. Qc2 Rfb8 18. Rb1 a5 19. b3 d4 20. exd4 Qxd4 21.
Rd1 Re8 22. h3 Qf4 23. Bh7+ Kh8 24. Rf3 Qg5 25. Rxd7 Re1+ 26. Kh2 Qe5+ 27. g3
Qa1 28. Rfxf7 Rh1+ 29. Kg2 Re8 30. Qf5 Qf1+ 31. Kf3 Qe2+ 32. Kg2 Qf1+ 33. Kf3 1/2-1/2

[Event "ch-CHN Women 2019"]
[Site "Hangzhou CHN"]
[Date "2019.05.13"]
[Round "3.3"]
[White "Zhu, Jiner"]
[Black "Ning, Kaiyu"]
[Result "0-1"]
[WhiteTitle "WIM"]
[BlackTitle "WFM"]
[WhiteElo "2439"]
[BlackElo "2256"]
[WhiteFideId "8608059"]
[BlackFideId "8614750"]
[EventDate "2019.05.11"]

1. e4 e6 2. d4 d5 3. Nc3 Bb4 4. e5 c5 5. a3 Bxc3+ 6. bxc3 Qc7 7. Qg4 Ne7 8. Qxg7
Rg8 9. Qxh7 cxd4 10. Ne2 Nbc6 11. f4 dxc3 12. Qd3 d4 13. Nxd4 Nxd4 14. Qxd4 Bd7
15. Rg1 Qa5 16. Qb4 Qxb4 17. axb4 Nc6 18. Ra3 Nxb4 19. Rxc3 a5 20. Ba3 Nd5 21.
Rb3 Bc6 22. Bb5 Nxf4 23. Bxc6+ bxc6 24. Rb7 O-O-O 25. Ra7 Nxg2+ 26. Kf2 Rd2+ 27.
Kf3 Rg5 28. Ra8+ Kb7 29. Rxa5 Rf5+ 30. Kg3 Rg5+ 31. Kf3 Rf5+ 32. Kg4 Ne3+ 33.
Kh4 Rd4+ 34. Kh3 Rh5+ 35. Kg3 Rg4+ 36. Kf2 Rxh2+ 37. Kxe3 Rxg1 38. c4 Ra2 39.
Bb4 Rxa5 40. Bxa5 c5 41. Kd3 Rg3+ 42. Kd2 Rg4 0-1

[Event "ch-CHN Women 2019"]
[Site "Hangzhou CHN"]
[Date "2019.05.13"]
[Round "3.4"]
[White "Ren, Xiaoyi"]
[Black "Qiu, Mengjie"]
[Result "1/2-1/2"]
[BlackTitle "WIM"]
[WhiteElo "2261"]
[BlackElo "2219"]
[WhiteFideId "8608709"]
[BlackFideId "8606137"]
[EventDate "2019.05.11"]

1. d4 d5 2. c4 dxc4 3. e3 Nf6 4. Bxc4 e6 5. Nf3 c5 6. O-O a6 7. a4 Nc6 8. Qe2
cxd4 9. Rd1 Be7 10. exd4 O-O 11. Nc3 Nd5 12. Ne4 b6 13. Bg5 Bxg5 14. Nexg5 h6
15. Ne4 Bb7 16. Bxd5 Qxd5 17. Nc3 Qf5 18. d5 Nb4 19. dxe6 Bxf3 20. exf7+ Rxf7
21. Qxf3 Qxf3 22. gxf3 Rxf3 23. Rd2 Raf8 24. Re1 Rd3 25. Red1 Rfd8 26. Rxd3 Rxd3
27. Kf1 Kf7 28. Ke2 Rxd1 29. Nxd1 Ke6 30. Ke3 Ke5 31. f4+ Kf5 32. h3 Nd5+ 33.
Kf3 Nxf4 34. Ne3+ Ke5 35. Ng4+ 1/2-1/2

[Event "ch-CHN Women 2019"]
[Site "Hangzhou CHN"]
[Date "2019.05.13"]
[Round "3.6"]
[White "Zhai, Mo"]
[Black "Chu, Ruotong"]
[Result "0-1"]
[WhiteTitle "WGM"]
[BlackTitle "WIM"]
[WhiteElo "2365"]
[BlackElo "2180"]
[WhiteFideId "8600201"]
[BlackFideId "8605653"]
[EventDate "2019.05.11"]

1. d4 d5 2. Nf3 Nf6 3. Bf4 Bf5 4. e3 e6 5. Nbd2 Bd6 6. Bg3 Ne4 7. Nxe4 Bxe4 8.
Be2 O-O 9. O-O Bxg3 10. hxg3 Nd7 11. c4 dxc4 12. Bxc4 c5 13. dxc5 Nxc5 14. b4
Qxd1 15. Rfxd1 Na4 16. Ng5 Bg6 17. Bb3 Nc3 18. Rd7 b6 19. Rc7 Nb5 20. Rd7 Nc3
21. Kf1 a5 22. bxa5 Rxa5 23. Nh3 Rfa8 24. Nf4 Ra3 25. Rc1 Nxa2 26. Rcd1 Rf8 27.
Nxe6 Rxb3 28. Nxf8 Kxf8 29. R1d6 Bf5 30. Ra7 Rb1+ 31. Ke2 Nc3+ 32. Kf3 g5 33. g4
Be6 34. Rd8+ Kg7 35. Kg3 Ne4+ 36. Kf3 Nf6 37. Rd4 Rb2 38. Ra6 h5 39. gxh5 g4+
40. Kg3 Nxh5+ 41. Kh4 Kg6 42. Re4 Rb1 43. Rxe6+ fxe6 44. Kxg4 Nf6+ 45. Kf4 Nd7
46. Ra7 Rb4+ 47. Kg3 Nc5 48. f3 b5 49. Ra5 Rb3 50. Kf4 Nd3+ 51. Ke4 Ne1 52. Ra2
Rc3 53. Kd4 b4 54. e4 Nc2+ 55. Ke5 b3 56. Ra5 Rc4 0-1

[Event "ch-CHN Women 2019"]
[Site "Hangzhou CHN"]
[Date "2019.05.14"]
[Round "4.2"]
[White "Ni, Shiqun"]
[Black "Zhai, Mo"]
[Result "1-0"]
[WhiteTitle "WGM"]
[BlackTitle "WGM"]
[WhiteElo "2439"]
[BlackElo "2365"]
[WhiteFideId "8608466"]
[BlackFideId "8600201"]
[EventDate "2019.05.11"]

1. e4 c6 2. Nc3 d5 3. Nf3 dxe4 4. Nxe4 Nf6 5. Qe2 Nxe4 6. Qxe4 Qd5 7. Qh4 Qe6+
8. Be2 Qg4 9. Qg3 Qxg3 10. hxg3 g6 11. d4 Bg7 12. Bh6 Bf6 13. Ne5 Be6 14. g4 Nd7
15. Nxd7 Bxd7 16. O-O-O Rg8 17. Bf4 Rh8 18. g5 Bg7 19. Bc4 a5 20. a3 a4 21. c3
Ra5 22. Rde1 Kf8 23. Re2 h6 24. gxh6 Bf6 25. f3 Bg5 26. Bxg5 Rxg5 27. g4 b5 28.
Ba2 c5 29. Re5 Rxe5 30. dxe5 Bc6 31. g5 e6 32. Rd1 Ke7 33. f4 Rb8 34. Rd6 Bd7
35. Ra6 Kf8 36. Ra7 Rd8 37. Rc7 b4 38. Bc4 bxa3 39. bxa3 Kg8 40. Rxc5 Rb8 41.
Rc7 Bb5 42. Kc2 Rb6 43. Bxb5 Rxb5 44. Ra7 1-0

[Event "ch-CHN Women 2019"]
[Site "Hangzhou CHN"]
[Date "2019.05.14"]
[Round "4.4"]
[White "Ning, Kaiyu"]
[Black "Ren, Xiaoyi"]
[Result "0-1"]
[WhiteTitle "WFM"]
[WhiteElo "2256"]
[BlackElo "2261"]
[WhiteFideId "8614750"]
[BlackFideId "8608709"]
[EventDate "2019.05.11"]

1. d4 Nf6 2. c4 e6 3. Nf3 b6 4. a3 Bb7 5. Nc3 d5 6. cxd5 Nxd5 7. e3 Be7 8. Bb5+
c6 9. Bd3 O-O 10. e4 Nxc3 11. bxc3 c5 12. O-O Bf6 13. e5 Be7 14. dxc5 Bxc5 15.
Bxh7+ Kxh7 16. Ng5+ Kg8 17. Qc2 g6 18. Rd1 Qc7 19. Qe2 Be7 20. Bf4 Na6 21. Qg4
Kg7 22. Rd3 Nc5 23. Re3 Rad8 24. h4 Rh8 25. Rh3 Rh5 26. Rg3 Rdh8 27. Nxf7 Kxf7
28. Qxg6+ Kf8 29. Rd1 Be4 30. Qg7+ Ke8 31. Rh3 Bf5 32. Rh2 Ne4 0-1

[Event "ch-CHN Women 2019"]
[Site "Hangzhou CHN"]
[Date "2019.05.14"]
[Round "4.5"]
[White "Zhang, Lanlin"]
[Black "Zhu, Jiner"]
[Result "1/2-1/2"]
[BlackTitle "WIM"]
[WhiteElo "2181"]
[BlackElo "2439"]
[WhiteFideId "8608032"]
[BlackFideId "8608059"]
[EventDate "2019.05.11"]

1. e4 e5 2. Nf3 Nc6 3. Bb5 g6 4. c3 a6 5. Ba4 d6 6. d4 Bd7 7. O-O Bg7 8. Be3 Nf6
9. Nbd2 O-O 10. Bxc6 Bxc6 11. dxe5 Nxe4 12. Nxe4 Bxe4 13. exd6 cxd6 14. Bd4 Bh6
15. Be3 Bg7 16. Bd4 Bh6 17. Be3 Bxe3 18. fxe3 Re8 19. Qd4 Qe7 20. Nd2 Bc6 21.
Rae1 f5 22. h4 Rad8 23. Rf4 Rd7 24. a4 Qe6 25. Kf2 h6 26. e4 Rf7 27. Rf1 g5 28.
hxg5 hxg5 29. Rh1 Qe5 30. Qxe5 Rxe5 31. Rxf5 Rfxf5+ 32. exf5 Rxf5+ 33. Kg3 Bxa4
34. Ne4 Rb5 35. b4 Re5 36. Nxd6 Bc6 37. Kg4 Bd7+ 38. Kh5 g4+ 39. Kh4 Re6 40. Rd1
Bc6 41. Kxg4 Rg6+ 42. Kf4 Rxg2 43. c4 Rb2 44. b5 axb5 45. cxb5 Bxb5 46. Nxb7 1/2-1/2

[Event "ch-CHN Women 2019"]
[Site "Hangzhou CHN"]
[Date "2019.05.14"]
[Round "4.6"]
[White "Huang, Qian"]
[Black "Shen, Yang"]
[Result "1/2-1/2"]
[WhiteTitle "WGM"]
[BlackTitle "IM"]
[WhiteElo "2440"]
[BlackElo "2449"]
[WhiteFideId "8602689"]
[BlackFideId "8603162"]
[EventDate "2019.05.11"]

1. d4 d5 2. Nf3 Nf6 3. c4 dxc4 4. e3 e6 5. Bxc4 a6 6. Nc3 c5 7. O-O Nc6 8. dxc5
Qxd1 9. Rxd1 Bxc5 10. Bd2 Bd7 11. Rac1 O-O 12. Be2 Rfd8 13. Na4 Ba7 14. Nc5 Bxc5
15. Rxc5 Ne4 16. Rcc1 Nxd2 17. Rxd2 Be8 18. Rcd1 Rxd2 19. Rxd2 Rd8 20. Rxd8 Nxd8
21. Ne5 Nc6 22. Nxc6 Bxc6 23. f3 e5 24. e4 f6 25. Kf2 Kf7 26. Ke3 Ke6 27. Bc4+
Kd6 28. b4 b5 29. Bg8 h6 30. a3 Bd7 31. h4 Be6 32. Bxe6 Kxe6 33. g4 g5 34. h5 1/2-1/2

[Event "ch-CHN Women 2019"]
[Site "Hangzhou CHN"]
[Date "2019.05.15"]
[Round "5.2"]
[White "Zhu, Jiner"]
[Black "Huang, Qian"]
[Result "1-0"]
[WhiteTitle "WIM"]
[BlackTitle "WGM"]
[WhiteElo "2439"]
[BlackElo "2440"]
[WhiteFideId "8608059"]
[BlackFideId "8602689"]
[EventDate "2019.05.11"]

1. e4 c5 2. Nf3 d6 3. d4 cxd4 4. Nxd4 Nf6 5. Nc3 a6 6. h3 e6 7. g4 d5 8. exd5
Nxd5 9. Nce2 e5 10. Nb3 Nc6 11. Bg2 Be6 12. Ng3 a5 13. a4 Ndb4 14. Qe2 f6 15.
O-O Bxb3 16. cxb3 Nd4 17. Qd1 Qb6 18. Be3 Nbc2 19. Qxc2 Nxc2 20. Bxb6 Nxa1 21.
Rxa1 Bb4 22. Rc1 O-O 23. Bxb7 Rab8 24. Bd5+ Kh8 25. Bc7 Rbc8 26. Bb7 Rce8 27.
Nf5 g6 28. Ne3 Rf7 29. Nd5 1-0